000 00283nam a2200121Ia 4500
005 20251222155200.0
008 251222s9999||||xx |||||||||||||| ||spa||
082 _aMAN.45
100 _aZAMBRANO Manuel
245 0 _aRevista Psiquiátrica Peruana
264 _bNo tiene
942 _cLIB
999 _c39911
_d39911